The Marshall Mathers LP - Eminem - Statistiques

Statistiques générales
  • Ce quiz a été pris 119 fois
  • Le résultat moyen est 9 sur 18
Statistiques - réponses
Hint Réponse % Correct
8 The Real Slim Shady
89%
3 Stan
79%
16 Kim
67%
2 Kill You
63%
7 The Way I Am
63%
18 Criminal
61%
11 Marshall Mathers
61%
10 I’m Back
52%
13 Drug Ballad
48%
15 Bitch Please 2
46%
4 Paul (Skit)
45%
9 Remember Me?
40%
17 Under The Influence
40%
5 Who Knew
40%
14 Amytiville
35%
12 Ken Kaniff (Skit)
32%
6 Steve Berman (Skit)
27%
1 Public Service Announcement 2000
26%
Aucun quiz correspondant
Distribution des résultats
% des personnes avec chaque résultat
Percentile par nombre de réponses
Votre historique - résultats
Vous n’avez pas pris ce quiz